[Event "20. Torneo Magistral de Elgoibar"]
[Site "Elgoibar ESP"]
[Date "2010.12.14"]
[Round "1.1"]
[White "Huerga Leache, Mikel"]
[Black "Franco Ocampos, Zenon"]
[Result "1/2-1/2"]
[WhiteElo "2415"]
[BlackElo "2517"]
[PlyCount "53"]
[EventDate "2010.12.14"]
[EventType "tourn"]
[EventRounds "9"]
[EventCountry "ESP"]
[EventCategory "9"]
[Source "lmi"]
[SourceDate "2010.12.14"]

1. e4 e5 2. Nf3 Nc6 3. Bb5 g6 4. d4 exd4 5. Bg5 Be7 6. Bxe7 Qxe7 7. O-O Qc5 8.
Bxc6 dxc6 9. Qxd4 Qxd4 10. Nxd4 Bd7 11. Nc3 O-O-O 12. Rfe1 Ne7 13. Rad1 c5 14.
Nf3 h6 15. Ne5 Be6 16. f3 b6 17. a3 Kb7 18. Kf2 Nc6 19. Nxc6 Kxc6 20. Ne2 f6
21. h4 a5 22. g4 Rd6 23. Rg1 Rhd8 24. Rxd6+ cxd6 25. Nf4 Bf7 26. Rd1 Re8 27. h5
1/2-1/2

[Event "20. Torneo Magistral de Elgoibar"]
[Site "Elgoibar ESP"]
[Date "2010.12.14"]
[Round "1.2"]
[White "Franco Alonso, Alejandro"]
[Black "Paunovic, Dragan"]
[Result "1-0"]
[WhiteElo "2475"]
[BlackElo "2526"]
[PlyCount "91"]
[EventDate "2010.12.14"]
[EventType "tourn"]
[EventRounds "9"]
[EventCountry "ESP"]
[EventCategory "9"]
[Source "lmi"]
[SourceDate "2010.12.14"]

1. Nf3 g6 2. c4 Bg7 3. d4 d6 4. Nc3 Bg4 5. e3 Nf6 6. Be2 O-O 7. O-O Re8 8. e4
Nfd7 9. Be3 c5 10. d5 Bxc3 11. bxc3 Qa5 12. Qb3 Nb6 13. a4 N8d7 14. h3 Bxf3 15.
Bxf3 Nf6 16. Rfb1 h5 17. Bf4 Nbd7 18. Qc2 Qc7 19. Re1 e5 20. Bd2 Nh7 21. h4 Re7
22. g3 Ndf6 23. Bg2 Qd7 24. f3 Ne8 25. Kh2 Ng7 26. Bh3 Qc7 27. Bh6 Rae8 28. Re2
Qa5 29. Rg1 Qa6 30. Qb3 f5 31. Bxg7 Rxg7 32. exf5 g5 33. f4 gxf4 34. gxf4 Rxg1
35. Kxg1 Nf6 36. fxe5 Rxe5 37. Qa2 Kf7 38. Rxe5 dxe5 39. Qg2 Qd6 40. Qg6+ Kf8
41. Bf1 Qe7 42. Be2 Qg7 43. d6 b6 44. Qxg7+ Kxg7 45. Bxh5 Kf8 46. Bg6 1-0

[Event "20. Torneo Magistral de Elgoibar"]
[Site "Elgoibar ESP"]
[Date "2010.12.14"]
[Round "1.3"]
[White "Argandoña Riveiro, Iñigo"]
[Black "Korneev, Oleg"]
[Result "1-0"]
[WhiteElo "2397"]
[BlackElo "2582"]
[PlyCount "85"]
[EventDate "2010.12.14"]
[EventType "tourn"]
[EventRounds "9"]
[EventCountry "ESP"]
[EventCategory "9"]
[Source "lmi"]
[SourceDate "2010.12.14"]

1. Nf3 d5 2. d4 Nf6 3. c4 c6 4. e3 Bf5 5. Nc3 e6 6. Nh4 Be4 7. f3 Bg6 8. Qb3
Qc7 9. Bd2 Be7 10. g3 Nbd7 11. cxd5 Nxd5 12. Nxg6 hxg6 13. e4 Nxc3 14. bxc3 e5
15. Rb1 b5 16. f4 exd4 17. cxd4 O-O 18. Bg2 c5 19. e5 c4 20. Qf3 Rac8 21. Rxb5
c3 22. Bc1 Qc4 23. Qd5 Nb6 24. Qxc4 Rxc4 25. d5 Rd8 26. a3 c2 27. O-O Bc5+ 28.
Kh1 Rc8 29. Bh3 Rd8 30. d6 Nd5 31. e6 Rxd6 32. Rb8+ Kh7 33. exf7 Rf6 34. Re1
Rxf7 35. Be6 Rf8 36. Rxf8 Bxf8 37. Bxd5 Rd4 38. Bb3 Bxa3 39. Bxa3 Rd3 40. Bxc2
Rxa3 41. Re6 Ra1+ 42. Kg2 Ra2 43. Rc6 1-0

[Event "20. Torneo Magistral de Elgoibar"]
[Site "Elgoibar ESP"]
[Date "2010.12.14"]
[Round "1.4"]
[White "Astasio Lopez, David"]
[Black "Muñoz Pantoja, Miguel"]
[Result "1/2-1/2"]
[WhiteElo "2332"]
[BlackElo "2508"]
[PlyCount "55"]
[EventDate "2010.12.14"]
[EventType "tourn"]
[EventRounds "9"]
[EventCountry "ESP"]
[EventCategory "9"]
[Source "lmi"]
[SourceDate "2010.12.14"]

1. d4 Nf6 2. Nf3 c5 3. c3 cxd4 4. cxd4 d5 5. Nc3 Nc6 6. Bf4 Qb6 7. Qb3 Qxb3 8.
axb3 e6 9. e3 Bd7 10. h3 Bb4 11. Bd3 Na5 12. Nd2 Rc8 13. Rc1 a6 14. O-O O-O 15.
Rc2 Rc6 16. Rfc1 Rfc8 17. Ncb1 Rxc2 18. Rxc2 Bc6 19. g4 Kf8 20. Be5 h6 21. Kf1
Nd7 22. Bf4 Ke7 23. Ke2 f6 24. Nc3 Rh8 25. Rc1 e5 26. Bf5 e4 27. Bc7 Ra8 28.
Ra1 1/2-1/2

[Event "20. Torneo Magistral de Elgoibar"]
[Site "Elgoibar ESP"]
[Date "2010.12.15"]
[Round "2.1"]
[White "Franco Ocampos, Zenon"]
[Black "Lariño Nieto, David"]
[Result "0-1"]
[WhiteElo "2517"]
[BlackElo "2451"]
[PlyCount "82"]
[EventDate "2010.12.14"]
[EventType "tourn"]
[EventRounds "9"]
[EventCountry "ESP"]
[EventCategory "9"]
[Source "lmi"]
[SourceDate "2010.12.14"]

1. c4 Nf6 2. g3 g6 3. Bg2 Bg7 4. Nc3 e5 5. e4 Nc6 6. Nge2 d6 7. d3 Nd4 8. Nxd4
exd4 9. Ne2 Nd7 10. O-O O-O 11. Rb1 a5 12. b3 Nc5 13. Bb2 Ne6 14. a3 c6 15. b4
axb4 16. axb4 b5 17. cxb5 cxb5 18. f4 Ra2 19. Qb3 Ra4 20. f5 Nc7 21. Bxd4 gxf5
22. exf5 Na6 23. f6 Bh6 24. Qc3 Ra2 25. Rb2 Rxb2 26. Qxb2 Nc7 27. Nf4 Kh8 28.
Bb6 Qd7 29. Qc3 Bxf4 30. Rxf4 Ne6 31. Rh4 Bb7 32. Qc1 Rg8 33. Qh6 Nf8 34. Bxb7
Qxb7 35. Be3 Qd5 36. Rd4 Qe6 37. Re4 Qb3 38. Rd4 Ne6 39. Rxd6 Qd1+ 40. Kf2 Qc2+
41. Bd2 Ng5 0-1

[Event "20. Torneo Magistral de Elgoibar"]
[Site "Elgoibar ESP"]
[Date "2010.12.15"]
[Round "2.2"]
[White "Muñoz Pantoja, Miguel"]
[Black "Mirzoev, Azer"]
[Result "1/2-1/2"]
[WhiteElo "2508"]
[BlackElo "2546"]
[PlyCount "77"]
[EventDate "2010.12.14"]
[EventType "tourn"]
[EventRounds "9"]
[EventCountry "ESP"]
[EventCategory "9"]
[Source "lmi"]
[SourceDate "2010.12.14"]

1. e4 c5 2. g3 d5 3. exd5 Qxd5 4. Nf3 Bg4 5. Bg2 Qe6+ 6. Kf1 Bh3 7. d4 cxd4 8.
Nxd4 Qd5 9. f3 Bxg2+ 10. Kxg2 Nc6 11. Nb3 Qxd1 12. Rxd1 e6 13. Nc3 Nf6 14. Be3
Rc8 15. f4 Bb4 16. Ne2 O-O 17. c3 Be7 18. Ned4 Nd5 19. Bf2 Nxd4 20. Rxd4 Bf6
21. Rd3 b6 22. f5 Nc7 23. Bd4 Rfd8 24. Rad1 Ne8 25. Bxf6 Rxd3 26. Rxd3 Nxf6 27.
fxe6 fxe6 28. Re3 Kf7 29. Nd4 Re8 30. Nb5 Rd8 31. Re2 Rd7 32. Kf3 a6 33. Nd4
Rd6 34. Kg2 Nd7 35. Rf2+ Ke7 36. Re2 Kf7 37. Rf2+ Ke7 38. Re2 Kf7 39. Rf2+
1/2-1/2

[Event "20. Torneo Magistral de Elgoibar"]
[Site "Elgoibar ESP"]
[Date "2010.12.15"]
[Round "2.3"]
[White "Korneev, Oleg"]
[Black "Astasio Lopez, David"]
[Result "1-0"]
[WhiteElo "2582"]
[BlackElo "2332"]
[PlyCount "87"]
[EventDate "2010.12.14"]
[EventType "tourn"]
[EventRounds "9"]
[EventCountry "ESP"]
[EventCategory "9"]
[Source "lmi"]
[SourceDate "2010.12.14"]

1. e4 c5 2. Nf3 e6 3. c3 d5 4. e5 Ne7 5. d4 Nec6 6. a3 Be7 7. Bd3 O-O 8. O-O
Nd7 9. b4 c4 10. Bc2 a6 11. Re1 Kh8 12. Nbd2 Qe8 13. Nf1 f6 14. exf6 gxf6 15.
Bh6 Rg8 16. Rxe6 Nde5 17. Rxe7 Nxf3+ 18. Qxf3 Qxe7 19. Ne3 Be6 20. Nxd5 Bxd5
21. Qxd5 Rae8 22. Be3 Qg7 23. g3 Qg4 24. Qf7 Qg7 25. Qxc4 Re7 26. Qd5 Rge8 27.
Rd1 Rd7 28. Qf3 Red8 29. Kg2 Ne7 30. Bb3 Ng6 31. Kh1 b5 32. d5 Ne5 33. Qf5 Ng4
34. Bd4 Rd6 35. Re1 Rg8 36. Qf4 Rgd8 37. h3 Nh6 38. Bc5 R6d7 39. d6 Nf7 40. Re6
Ng5 41. Rxf6 Nxh3 42. Qf5 Re8 43. Bd4 Re1+ 44. Kh2 1-0

[Event "20. Torneo Magistral de Elgoibar"]
[Site "Elgoibar ESP"]
[Date "2010.12.15"]
[Round "2.4"]
[White "Paunovic, Dragan"]
[Black "Argandoña Riveiro, Iñigo"]
[Result "1/2-1/2"]
[WhiteElo "2526"]
[BlackElo "2397"]
[PlyCount "56"]
[EventDate "2010.12.14"]
[EventType "tourn"]
[EventRounds "9"]
[EventCountry "ESP"]
[EventCategory "9"]
[Source "lmi"]
[SourceDate "2010.12.14"]

1. c4 e6 2. g3 Nf6 3. Bg2 d5 4. Nf3 c5 5. O-O Nc6 6. cxd5 exd5 7. d4 Be7 8. Nc3
O-O 9. Bg5 Be6 10. dxc5 Bxc5 11. Bxf6 Qxf6 12. Nxd5 Qxb2 13. Nc7 Rad8 14. Qc1
Qxc1 15. Raxc1 Bb6 16. Nxe6 fxe6 17. Bh3 Rf6 18. Ng5 Nd4 19. Kh1 Rg6 20. f4 h6
21. Nf3 Nxf3 22. Rxf3 Rf6 23. Rfc3 Rd2 24. Rc8+ Kf7 25. e3 e5 26. fxe5 Rff2 27.
Rf1 Rxf1+ 28. Bxf1 Rd8 1/2-1/2

[Event "20. Torneo Magistral de Elgoibar"]
[Site "Elgoibar ESP"]
[Date "2010.12.15"]
[Round "2.5"]
[White "Huerga Leache, Mikel"]
[Black "Franco Alonso, Alejandro"]
[Result "1/2-1/2"]
[WhiteElo "2415"]
[BlackElo "2475"]
[PlyCount "49"]
[EventDate "2010.12.14"]
[EventType "tourn"]
[EventRounds "9"]
[EventCountry "ESP"]
[EventCategory "9"]
[Source "lmi"]
[SourceDate "2010.12.14"]

1. Nf3 Nf6 2. c4 e6 3. g3 d5 4. d4 dxc4 5. Bg2 b5 6. a4 c6 7. axb5 cxb5 8. Ne5
Nd5 9. Nc3 Bb4 10. O-O Bxc3 11. e4 Bxb2 12. exd5 Bxa1 13. dxe6 Bxe6 14. Ba3 a5
15. Bxa8 Bc3 16. Bc5 Bb4 17. Nc6 Qd5 18. Nxb4 Qxa8 19. d5 Nd7 20. Qd4 Nxc5 21.
Qxc5 axb4 22. Qxb5+ Bd7 23. Re1+ Kd8 24. Qb6+ Kc8 25. Qc5+ 1/2-1/2

[Event "20. Torneo Magistral de Elgoibar"]
[Site "Elgoibar ESP"]
[Date "2010.12.16"]
[Round "3.1"]
[White "Franco Alonso, Alejandro"]
[Black "Franco Ocampos, Zenon"]
[Result "1/2-1/2"]
[WhiteElo "2475"]
[BlackElo "2517"]
[PlyCount "44"]
[EventDate "2010.12.14"]
[EventType "tourn"]
[EventRounds "9"]
[EventCountry "ESP"]
[EventCategory "9"]
[Source "lmi"]
[SourceDate "2010.12.14"]

1. Nf3 c5 2. c4 Nf6 3. Nc3 Nc6 4. g3 d5 5. d4 e6 6. cxd5 Nxd5 7. Bg2 Be7 8. O-O
O-O 9. Nxd5 exd5 10. dxc5 Bxc5 11. Bg5 f6 12. Bd2 Be6 13. Ne1 Bb6 14. Nd3 d4
15. a4 a6 16. Rc1 Qd7 17. a5 Ba7 18. Qa4 Bd5 19. Bxd5+ Qxd5 20. Qc4 Rad8 21.
Rfe1 Rfe8 22. b4 Re7 1/2-1/2

[Event "20. Torneo Magistral de Elgoibar"]
[Site "Elgoibar ESP"]
[Date "2010.12.16"]
[Round "3.2"]
[White "Argandoña Riveiro, Iñigo"]
[Black "Huerga Leache, Mikel"]
[Result "0-1"]
[WhiteElo "2397"]
[BlackElo "2415"]
[PlyCount "108"]
[EventDate "2010.12.14"]
[EventType "tourn"]
[EventRounds "9"]
[EventCountry "ESP"]
[EventCategory "9"]
[Source "lmi"]
[SourceDate "2010.12.14"]

1. Nf3 d5 2. d4 Nf6 3. c4 c6 4. e3 a6 5. Bd3 Bg4 6. Nbd2 e6 7. O-O Nbd7 8. Qc2
Bd6 9. b3 Qe7 10. Bb2 g6 11. h3 Bf5 12. e4 dxe4 13. Nxe4 Nxe4 14. Bxe4 Bxe4 15.
Qxe4 O-O 16. Rad1 Rfe8 17. Rfe1 Rad8 18. Qe3 Qf6 19. Ne5 Bb4 20. Ng4 Qh4 21.
Re2 h5 22. g3 Qxh3 23. Nh6+ Kg7 24. a3 Bf8 25. d5+ f6 26. dxe6 Bc5 27. Rxd7+
Rxd7 28. Bxf6+ Kh7 29. exd7 Rxe3 30. Rxe3 Qxd7 31. Bg5 Bxe3 32. Bxe3 Qd1+ 33.
Kh2 Kg7 34. b4 Qd3 35. g4 hxg4 36. Nxg4 Qxc4 37. Ne5 Qc3 38. Nd7 Qxa3 39. Bc5
Qd3 40. Nb6 Qf5 41. Bd4+ Kh7 42. Be3 a5 43. bxa5 Qxa5 44. Kg3 Qe5+ 45. Bf4 Qc3+
46. Be3 Qd3 47. Kf4 c5 48. Ke5 c4 49. Nd5 c3 50. Nf4 Qd7 51. Ke4 b5 52. Nd5
Qe6+ 53. Kd4 c2 54. Bd2 Qe2 0-1

[Event "20. Torneo Magistral de Elgoibar"]
[Site "Elgoibar ESP"]
[Date "2010.12.16"]
[Round "3.3"]
[White "Astasio Lopez, David"]
[Black "Paunovic, Dragan"]
[Result "0-1"]
[WhiteElo "2332"]
[BlackElo "2526"]
[PlyCount "66"]
[EventDate "2010.12.14"]
[EventType "tourn"]
[EventRounds "9"]
[EventCountry "ESP"]
[EventCategory "9"]
[Source "lmi"]
[SourceDate "2010.12.14"]

1. d4 d6 2. Nf3 g6 3. e4 Nf6 4. Nbd2 Bg7 5. Bc4 O-O 6. e5 dxe5 7. dxe5 Nd5 8.
O-O Nc6 9. Qe2 Bf5 10. Bb3 a5 11. a4 Ndb4 12. Nc4 Bg4 13. Rd1 Qc8 14. h3 Bxf3
15. Qxf3 Nxe5 16. Nxe5 Bxe5 17. c3 Nc6 18. Bd5 Qe8 19. Re1 Bg7 20. Bf4 e6 21.
Rad1 Rc8 22. Bc4 Qe7 23. Bb5 Qf6 24. Bxc6 bxc6 25. Re5 Rb8 26. Rxa5 Rxb2 27.
Rc5 Ra2 28. a5 e5 29. Rxe5 Ra4 30. Re4 Rxa5 31. Rc4 Rf5 32. Rxc6 Qh4 33. Bg3
Qa4 0-1

[Event "20. Torneo Magistral de Elgoibar"]
[Site "Elgoibar ESP"]
[Date "2010.12.16"]
[Round "3.4"]
[White "Mirzoev, Azer"]
[Black "Korneev, Oleg"]
[Result "1/2-1/2"]
[WhiteElo "2546"]
[BlackElo "2582"]
[PlyCount "51"]
[EventDate "2010.12.14"]
[EventType "tourn"]
[EventRounds "9"]
[EventCountry "ESP"]
[EventCategory "9"]
[Source "lmi"]
[SourceDate "2010.12.14"]

1. d4 d5 2. c4 e6 3. Nc3 c6 4. cxd5 exd5 5. Bf4 Bd6 6. Bxd6 Qxd6 7. e3 Ne7 8.
Nf3 O-O 9. Bd3 Bf5 10. O-O Nd7 11. Bxf5 Nxf5 12. Qd3 Qg6 13. Rfd1 Nd6 14. Qxg6
hxg6 15. Rac1 f6 16. Rc2 g5 17. h3 Kf7 18. Na4 Rfe8 19. Kf1 Re7 20. Rdc1 Rh8
21. b3 Kg6 22. Nc5 Nxc5 23. Rxc5 Ne4 24. R5c2 Nd6 25. Rc5 Ne4 26. R5c2 1/2-1/2

[Event "20. Torneo Magistral de Elgoibar"]
[Site "Elgoibar ESP"]
[Date "2010.12.16"]
[Round "3.5"]
[White "Lariño Nieto, David"]
[Black "Muñoz Pantoja, Miguel"]
[Result "1/2-1/2"]
[WhiteElo "2451"]
[BlackElo "2508"]
[PlyCount "96"]
[EventDate "2010.12.14"]
[EventType "tourn"]
[EventRounds "9"]
[EventCountry "ESP"]
[EventCategory "9"]
[Source "lmi"]
[SourceDate "2010.12.14"]

1. e4 c5 2. Nc3 Nc6 3. g3 g6 4. Bg2 Bg7 5. d3 d6 6. f4 e5 7. Nh3 exf4 8. Bxf4
Nf6 9. O-O O-O 10. Qd2 Ng4 11. Kh1 h6 12. Nf2 g5 13. Nxg4 Bxg4 14. Be3 Be6 15.
Rf2 Qd7 16. Nd5 Bxd5 17. exd5 Ne5 18. Raf1 f5 19. Bh3 Ng4 20. Bxg4 fxg4 21.
Rxf8+ Rxf8 22. Rxf8+ Bxf8 23. Qe2 Qf5 24. c4 Qe5 25. Kg2 Bg7 26. b3 Kf7 27. Kf2
h5 28. Bd2 Qf5+ 29. Kg2 h4 30. Qf2 Kg6 31. Qxf5+ Kxf5 32. Be1 Bf6 33. Kf1 Be5
34. Ke2 Bd4 35. Bf2 Ke5 36. Be3 Bxe3 37. Kxe3 a6 38. a3 a5 39. b4 axb4 40. axb4
b6 41. d4+ cxd4+ 42. Kd3 h3 43. b5 Kf6 44. Kxd4 Kf5 45. Kc3 Kf6 46. Kd3 Ke5 47.
Ke3 Kf5 48. Kd4 Kg6 1/2-1/2

[Event "20. Torneo Magistral de Elgoibar"]
[Site "Elgoibar ESP"]
[Date "2010.12.17"]
[Round "4.3"]
[White "Paunovic, Dragan"]
[Black "Mirzoev, Azer"]
[Result "1/2-1/2"]
[WhiteElo "2526"]
[BlackElo "2546"]
[PlyCount "38"]
[EventDate "2010.12.14"]
[EventType "tourn"]
[EventRounds "9"]
[EventCountry "ESP"]
[EventCategory "9"]
[Source "lmi"]
[SourceDate "2010.12.14"]

1. Nf3 c5 2. g3 Nc6 3. Bg2 g6 4. O-O Bg7 5. c4 d6 6. Nc3 Nf6 7. d3 O-O 8. a3
Bd7 9. Rb1 a5 10. Bd2 Rb8 11. Ne1 Ne8 12. Nc2 Nc7 13. b4 axb4 14. axb4 Nxb4 15.
Nxb4 cxb4 16. Rxb4 b5 17. Nxb5 Nxb5 18. cxb5 Rxb5 19. Rxb5 Bxb5 1/2-1/2

[Event "20. Torneo Magistral de Elgoibar"]
[Site "Elgoibar ESP"]
[Date "2010.12.17"]
[Round "4.4"]
[White "Huerga Leache, Mikel"]
[Black "Astasio Lopez, David"]
[Result "1-0"]
[WhiteElo "2415"]
[BlackElo "2332"]
[PlyCount "137"]
[EventDate "2010.12.14"]
[EventType "tourn"]
[EventRounds "9"]
[EventCountry "ESP"]
[EventCategory "9"]
[Source "lmi"]
[SourceDate "2010.12.14"]

1. e4 c5 2. Nf3 e6 3. d4 cxd4 4. Nxd4 Nf6 5. Nc3 Nc6 6. Ndb5 Bb4 7. a3 Bxc3+ 8.
Nxc3 d5 9. Bd3 Ne5 10. Be2 O-O 11. exd5 Nxd5 12. Nxd5 exd5 13. O-O Bf5 14. c3
Qd7 15. Qb3 Bd3 16. Bxd3 Nxd3 17. Rd1 Nxc1 18. Raxc1 Rfd8 19. Rd4 Qe6 20. Rcd1
Rd7 21. Rxd5 Rad8 22. c4 Rxd5 23. cxd5 Qd7 24. h3 h6 25. Qe3 b6 26. Qd4 Qd6 27.
Qa4 Rd7 28. Qd4 Kh8 29. Rd3 Kg8 30. Rg3 Qf8 31. Qe5 Kh8 32. Kh2 f6 33. Qe6 Rd6
34. Qf5 Rd8 35. Re3 Qd6+ 36. g3 Kg8 37. Rd3 Kf8 38. h4 Qe5 39. Qxe5 fxe5 40.
Kg2 Ke7 41. Kf3 Rf8+ 42. Ke3 Kd6 43. f3 Rc8 44. Ke4 Rc2 45. Kf5 Rxb2 46. Kg6
Rg2 47. g4 Rg3 48. Kf5 b5 49. h5 a5 50. Rb3 b4 51. axb4 axb4 52. Ke4 Rg1 53.
Rxb4 Re1+ 54. Kf5 Re3 55. f4 Rf3 56. Re4 exf4 57. Rxf4 Re3 58. Kg6 Re7 59. Rf7
Re4 60. Rxg7 Rxg4+ 61. Kxh6 Rf4 62. Kg5 Rf1 63. h6 Ke5 64. Re7+ Kxd5 65. h7 Rh1
66. Kg6 Kd6 67. Ra7 Ke6 68. Kg7 Rg1+ 69. Kf8 1-0

[Event "20. Torneo Magistral de Elgoibar"]
[Site "Elgoibar ESP"]
[Date "2010.12.17"]
[Round "4.5"]
[White "Franco Alonso, Alejandro"]
[Black "Argandoña Riveiro, Iñigo"]
[Result "1-0"]
[WhiteElo "2475"]
[BlackElo "2397"]
[PlyCount "68"]
[EventDate "2010.12.14"]
[EventType "tourn"]
[EventRounds "9"]
[EventCountry "ESP"]
[EventCategory "9"]
[Source "lmi"]
[SourceDate "2010.12.14"]

1. Nf3 d5 2. d4 Nf6 3. c4 e6 4. g3 Bb4+ 5. Bd2 Be7 6. Bg2 O-O 7. O-O c6 8. b3
Nbd7 9. Bc3 Ne4 10. Bb2 f5 11. Nfd2 Nd6 12. Nc3 Rb8 13. a4 b6 14. e3 Ba6 15.
Re1 Nf6 16. Bf1 Nf7 17. cxd5 Bxf1 18. dxe6 Bh3 19. exf7+ Rxf7 20. Nc4 Bb4 21.
Ne5 Rc7 22. Qf3 Bxc3 23. Bxc3 Ne4 24. Rec1 Qd5 25. Be1 g5 26. g4 fxg4 27. Nxg4
Bxg4 28. Qxg4 Rf8 29. Rc2 Rcf7 30. Rac1 Rf6 31. b4 h5 32. Qxh5 Kg7 33. Qg4 Rh8
34. f3 Qb3 1-0

[Event "20. Torneo Magistral de Elgoibar"]
[Site "Elgoibar ESP"]
[Date "2010.12.18"]
[Round "5.1"]
[White "Argandoña Riveiro, Iñigo"]
[Black "Franco Ocampos, Zenon"]
[Result "0-1"]
[WhiteElo "2397"]
[BlackElo "2517"]
[PlyCount "82"]
[EventDate "2010.12.14"]
[EventType "tourn"]
[EventRounds "9"]
[EventCountry "ESP"]
[EventCategory "9"]
[Source "lmi"]
[SourceDate "2010.12.14"]

1. Nf3 c5 2. c4 Nc6 3. Nc3 g6 4. g3 Bg7 5. Bg2 e5 6. O-O Nge7 7. a3 a5 8. d3 d6
9. Ne1 Be6 10. Nd5 O-O 11. Nc2 Rb8 12. Bg5 f6 13. Bd2 b5 14. b3 h6 15. Qe1 b4
16. Nxe7+ Nxe7 17. axb4 axb4 18. Qc1 g5 19. f4 exf4 20. gxf4 d5 21. f5 Nxf5 22.
cxd5 Bc8 23. e4 Nh4 24. Ne3 f5 25. exf5 Bxa1 26. Qxa1 Bxf5 27. Nxf5 Nxf5 28.
Qe5 Nd4 29. Rxf8+ Qxf8 30. d6 Nf3+ 31. Bxf3 Qxf3 32. d7 Rf8 33. Qe6+ Qf7 34.
Qxf7+ Kxf7 35. Be3 Rd8 36. Bxc5 Rxd7 37. d4 Ke6 38. Kf2 Kd5 39. Kg3 h5 40. h3
Rb7 41. Kf3 Rb5 0-1

[Event "20. Torneo Magistral de Elgoibar"]
[Site "Elgoibar ESP"]
[Date "2010.12.18"]
[Round "5.2"]
[White "Astasio Lopez, David"]
[Black "Franco Alonso, Alejandro"]
[Result "1/2-1/2"]
[WhiteElo "2332"]
[BlackElo "2475"]
[PlyCount "109"]
[EventDate "2010.12.14"]
[EventType "tourn"]
[EventRounds "9"]
[EventCountry "ESP"]
[EventCategory "9"]
[Source "lmi"]
[SourceDate "2010.12.14"]

1. d4 Nf6 2. Nf3 c5 3. e3 g6 4. Nbd2 Bg7 5. Be2 b6 6. O-O Bb7 7. Nb3 Qc7 8. a4
O-O 9. h3 d6 10. c4 a5 11. Bd2 Ne4 12. Bc3 e5 13. Qc2 Nd7 14. Rfd1 Rae8 15. Be1
Nb8 16. dxe5 dxe5 17. Nbd2 Nd6 18. Nb1 Nc6 19. Nc3 Nb4 20. Qb3 e4 21. Nd2 f5
22. Nb5 Nxb5 23. cxb5+ Kh8 24. Nc4 f4 25. Nd6 Re7 26. exf4 Bd4 27. Nxb7 Qxf4
28. Bc3 Rxb7 29. Rxd4 Qxf2+ 30. Kh2 cxd4 31. Rf1 dxc3 32. Qxc3+ Rg7 33. Rxf2
Rxf2 34. Qc8+ Rg8 35. Qc3+ Rg7 36. Bc4 Rc2 37. Qd4 Rxc4 38. Qxc4 Re7 39. Qd4+
Kg8 40. Qe3 Re6 41. Kg1 h5 42. g4 hxg4 43. hxg4 Kf7 44. Kf1 Ke7 45. Ke2 Ke8 46.
g5 Ke7 47. Qf4 e3 48. Qc7+ Ke8 49. Qc8+ Ke7 50. Qc4 Kd6 51. Qc8 Nd5 52. Qd8+
Ke5 53. Qh8+ Ke4 54. Qh1+ Ke5 55. Qh8+ 1/2-1/2

[Event "20. Torneo Magistral de Elgoibar"]
[Site "Elgoibar ESP"]
[Date "2010.12.18"]
[Round "5.4"]
[White "Lariño Nieto, David"]
[Black "Paunovic, Dragan"]
[Result "1/2-1/2"]
[WhiteElo "2451"]
[BlackElo "2526"]
[PlyCount "45"]
[EventDate "2010.12.14"]
[EventType "tourn"]
[EventRounds "9"]
[EventCountry "ESP"]
[EventCategory "9"]
[Source "lmi"]
[SourceDate "2010.12.14"]

1. e4 d6 2. d3 g6 3. g3 Bg7 4. Bg2 e5 5. Nc3 Nc6 6. f4 Nge7 7. Nh3 h6 8. O-O
Be6 9. g4 exf4 10. Nxf4 Qd7 11. Nxe6 fxe6 12. g5 hxg5 13. Bxg5 O-O-O 14. Qg4
Rdf8 15. Bh3 Nd4 16. Rxf8+ Rxf8 17. Bxe7 Qxe7 18. Nd5 Qg5 19. c3 Qxg4+ 20. Bxg4
Kd8 21. Ne3 Nf3+ 22. Kg2 Ne5 23. Be2 1/2-1/2

[Event "20. Torneo Magistral de Elgoibar"]
[Site "Elgoibar ESP"]
[Date "2010.12.18"]
[Round "5.5"]
[White "Muñoz Pantoja, Miguel"]
[Black "Korneev, Oleg"]
[Result "1/2-1/2"]
[WhiteElo "2508"]
[BlackElo "2582"]
[PlyCount "30"]
[EventDate "2010.12.14"]
[EventType "tourn"]
[EventRounds "9"]
[EventCountry "ESP"]
[EventCategory "9"]
[Source "lmi"]
[SourceDate "2010.12.14"]

1. e4 c5 2. g3 d5 3. exd5 Qxd5 4. Nf3 Nc6 5. Nc3 Qe6+ 6. Be2 Nd4 7. O-O Nxe2+
8. Nxe2 Qf5 9. Nf4 g5 10. Ng2 g4 11. Nfh4 Qd7 12. f3 Nf6 13. d3 b6 14. fxg4
Qxg4 15. Qe1 Qe6 1/2-1/2

[Event "20. Torneo Magistral de Elgoibar"]
[Site "Elgoibar ESP"]
[Date "2010.12.19"]
[Round "6.1"]
[White "Franco Ocampos, Zenon"]
[Black "Korneev, Oleg"]
[Result "1/2-1/2"]
[WhiteElo "2517"]
[BlackElo "2582"]
[PlyCount "45"]
[EventDate "2010.12.14"]
[EventType "tourn"]
[EventRounds "9"]
[EventCountry "ESP"]
[EventCategory "9"]
[Source "lmi"]
[SourceDate "2010.12.14"]

1. Nf3 d5 2. d4 Nf6 3. c4 e6 4. e3 Be7 5. b3 O-O 6. Bd3 c5 7. O-O cxd4 8. exd4
b6 9. Bb2 Bb7 10. Nc3 Nc6 11. Re1 Nb4 12. Bf1 dxc4 13. bxc4 Bxf3 14. gxf3 Rc8
15. Ne4 Nc6 16. Rc1 Nxe4 17. fxe4 Bg5 18. Rc2 Bf4 19. Qg4 e5 20. d5 Nb4 21. Rc3
g6 22. Qe2 Na6 23. Ra3 1/2-1/2

[Event "20. Torneo Magistral de Elgoibar"]
[Site "Elgoibar ESP"]
[Date "2010.12.19"]
[Round "6.2"]
[White "Paunovic, Dragan"]
[Black "Muñoz Pantoja, Miguel"]
[Result "1/2-1/2"]
[WhiteElo "2526"]
[BlackElo "2508"]
[PlyCount "32"]
[EventDate "2010.12.14"]
[EventType "tourn"]
[EventRounds "9"]
[EventCountry "ESP"]
[EventCategory "9"]
[Source "lmi"]
[SourceDate "2010.12.14"]

1. c4 c5 2. g3 g6 3. Bg2 Bg7 4. Nc3 Nc6 5. Nf3 e6 6. O-O Nge7 7. d3 d6 8. a3
O-O 9. Rb1 a6 10. Bd2 Rb8 11. b4 cxb4 12. axb4 b5 13. cxb5 axb5 14. Qb3 d5 15.
Rfc1 h6 16. e3 Rb6 1/2-1/2

[Event "20. Torneo Magistral de Elgoibar"]
[Site "Elgoibar ESP"]
[Date "2010.12.19"]
[Round "6.3"]
[White "Huerga Leache, Mikel"]
[Black "Lariño Nieto, David"]
[Result "1-0"]
[WhiteElo "2415"]
[BlackElo "2451"]
[PlyCount "33"]
[EventDate "2010.12.14"]
[EventType "tourn"]
[EventRounds "9"]
[EventCountry "ESP"]
[EventCategory "9"]
[Source "lmi"]
[SourceDate "2010.12.14"]

1. e4 c6 2. d4 d5 3. Nc3 dxe4 4. Nxe4 Nd7 5. Ng5 e6 6. Bd3 Be7 7. N1f3 Ngf6 8.
Qe2 Qa5+ 9. Bd2 Qb6 10. O-O-O c5 11. Nxf7 Kxf7 12. Ng5+ Kg8 13. Nxe6 Nb8 14.
Nxg7 Bf8 15. Nh5 Kf7 16. Bc4+ Kg6 17. Qd3+ 1-0